00274nam a2200109Ia 4500008004100000082001300041082000800054245007700062245000800139260000800147300000900155231017s9999 xx 000 0 und d a621.4835 bACI 0aCode Requirements for Nuclear Safety Related (ACI 349-01) (ACI 349 R-01) 0cACI bACI c30cm